Postavenie seniorov v spoločnosti

Staroba a starnutie, pribúdanie starších ľudí v populácii. Životný štýl seniorov. Postavenie seniorov v spoločnosti a kvalita ich života. Mediálny obraz seniorov. Starnutie je predovšetkým funkciou sociálnych podmienok, reakcií človeka na súbor ekonomických, pracovných, sociologických a sociálno-psy...

Descrizione completa

Salvato in:
Dettagli Bibliografici
Autore principale: Lesáková, Dagmar, 1949-
Natura: Capitolo di libro
Lingua:slovacco
Soggetti:
Tags: Aggiungi Tag
Nessun Tag, puoi essere il primo ad aggiungerne!!

MARC

LEADER 00000nla a2200000 4500
001 0229331
005 20240502073757.2
041 0 |a slo 
044 |a SK 
245 1 0 |a Postavenie seniorov v spoločnosti  |c Dagmar Lesáková 
520 |a Staroba a starnutie, pribúdanie starších ľudí v populácii. Životný štýl seniorov. Postavenie seniorov v spoločnosti a kvalita ich života. Mediálny obraz seniorov. Starnutie je predovšetkým funkciou sociálnych podmienok, reakcií človeka na súbor ekonomických, pracovných, sociologických a sociálno-psychologických daností. Aktívne starnutie. 
610 2 0 |a starnutie populácie 
610 2 0 |a seniori 
610 2 0 |a kvalita života 
610 2 0 |a štýl životný 
610 2 0 |a médiá 
100 1 |a Lesáková, Dagmar, 1949-